Fiscalía europea : (Record no. 195784)

MARC details
000 -LEADER
campo de control de longitud fija 01357naa a2200301 i 4500
001 - NÚMERO DE CONTROL
campo de control 195784
003 - IDENTIFICADOR DE NÚMERO DE CONTROL
campo de control ES-MaACL
005 - FECHA Y HORA DE LA ÚLTIMA TRANSACCIÓN
campo de control 20250809062543.0
008 - DATOS DE LONGITUD FIJA--INFORMACIÓN GENERAL
campo de control de longitud fija 240719s202206 sp ||| |||||0|0|0 spa|c
020 ## - NÚMERO INTERNACIONAL ESTÁNDAR DEL LIBRO
Número Internacional Estándar del Libro 9798823951814
035 ## - NÚMERO DE CONTROL DEL SISTEMA
Número de control de sistema Rebiun31508403
040 ## - FUENTE DE CATALOGACIÓN
Centro catalogador/agencia de origen ES-CaUJI
Lengua de catalogación cat
Normas de descripción rda
Centro/agencia transcriptor ES-CaUJI
Centro/agencia modificador ES-MaACL
100 ## - ENTRADA PRINCIPAL--NOMBRE DE PERSONA
Nombre de persona Rodríguez-Medel Nieto, Carmen
9 (RLIN) 237493
Término indicativo de función/relación Autor
245 10 - MENCIÓN DEL TÍTULO
Título Fiscalía europea :
Resto del título primer año de aplicación del Reglamento (UE) 2017/1939 y de la Ley Orgánica 9/2021 - LOFE /
Mención de responsabilidad, etc. Carmen Rodríguez-Medel Nieto.
250 ## - MENCION DE EDICION
Mención de edición 1ª edición: 1 de junio de 2022
264 #1 - PRODUCCIÓN, PUBLICACIÓN, DISTRIBUCIÓN, FABRICACIÓN Y COPYRIGHT
Producción, publicación, distribución, fabricación y copyright [Lugar de publicación no identificado] :
Nombre del de productor, editor, distribuidor, fabricante [Carmen-Rodríguez-Medel Nieto],
Fecha de producción, publicación, distribución, fabricación o copyright junio de 2022.
300 ## - DESCRIPCIÓN FÍSICA
Extensión xxvi, 643 pág. : ;
Dimensiones 26 cm.
504 ## - NOTA DE BIBLIOGRAFÍA, ETC.
Nota de bibliografía, etc. Referencias bibliográficas (páginas 637-642).
650 #7 - PUNTO DE ACCESO ADICIONAL DE MATERIA--TÉRMINO DE MATERIA
Término de materia o nombre geográfico como elemento de entrada Fiscales-
Subdivisión geográfica Unión Europea
9 (RLIN) 239644
650 #7 - PUNTO DE ACCESO ADICIONAL DE MATERIA--TÉRMINO DE MATERIA
Término de materia o nombre geográfico como elemento de entrada Derecho
Fuente del encabezamiento o término embne
9 (RLIN) 11602
650 #7 - PUNTO DE ACCESO ADICIONAL DE MATERIA--TÉRMINO DE MATERIA
Término de materia o nombre geográfico como elemento de entrada Derecho fiscal-
Subdivisión geográfica Unión Europea
9 (RLIN) 239645
852 ## - LOCALIZACIÓN
Ubicación ES-MaACL
Sublocalización o colección R.153461
Ubicación en estantería Depósito J
Número de control de estantería N 8792
Anotaciones manuscritas Dedicatoria autógrafa de la autora
Donativo/Legado Donación: Carmen Rodríguez-Medel Nieto
Encuadernación Encuadernación rústica
itemnumber 204633
903 ## - NOMBRE PERSONAL DE DONANTE
9 237493
a Rodríguez-Medel Nieto, Carmen
e Donante
942 ## - ELEMENTOS DE ENTRADA SECUNDARIOS (KOHA)
Tipo de ítem Koha Libro impreso
Suprimir en OPAC No
Holdings
Estatus retirado Estado de pérdida Fuente del sistema de clasificación o colocación Estado de daño No para préstamo Colección Biblioteca de origen Biblioteca actual Ubicación en estantería Fecha de adquisición Fuente de adquisición Número de control de estantería Total de préstamos Signatura topográfica completa Código de barras Visto por última vez Precio de reemplazo Tipo de ítem Koha
    Clasificación decimal universal     Libros con dedicatorias Biblioteca del Ateneo de Madrid Biblioteca del Ateneo de Madrid Depósito J 16/02/2025 Donación Ateneísta   N-8792 101229458 16/02/2025 16/02/2025 Libro impreso